Riconosci lo Stato - Quiz n°7 - Statistics

Statistiche generali
  • Questo quiz è stato fatto 109 volte
  • Il punteggio medio è 10 su 12
Statistiche sulle risposte
Indizio Risposta % Corretto
Iniziale della Capitale G
98%
Valuta Sterlina
95%
Presidente della Repubblica Salva Kiir Mayardit
92%
Forma di Governo Repubblica presidenziale federale
89%
Fuso Orario UTC+3
89%
Superficie 619 745 km²
84%
Popolazione 10.748.278 ab. (2021)
83%
Indipendenza 9 luglio 2011 dal Sudan
83%
ISU 0,385
81%
PIL (nominale) 5 730 milioni di $
81%
Tasso di crescita 2,76 %
80%
Risposta Sudan del Sud
80%
Nessun quiz corrispondente trovato
Distribuzione punteggi
Percentuale di utenti per punteggio
Percentile per numero di risposta
I tuoi punteggi nel tempo
Non hai fatto questo quiz